| 000 | 00512nam a22001697a 4500 | ||
|---|---|---|---|
| 999 |
_c8636 _d8636 |
||
| 008 | 201209b ||||| |||| 00| 0 eng d | ||
| 040 | _aBMS College of Architecture | ||
| 100 | _aKumar, R Nitin | ||
| 245 | _aMixed use development | ||
| 300 | _av,53p. | ||
| 500 | _a1BM11AT046 | ||
| 502 |
_8B,Arch _NBMS College of Architecture, Visvesvaraya Technological University (VTU) _aProject report _d2016 |
||
| 650 | _aNA | ||
| 700 |
_aChannabasavaradhya K B _eGuide |
||
| 700 |
_aPrathima N _eGuide |
||
| 942 |
_2ddc _cTHE |
||